Concurso de perros pastor
Publicado:
San Jorge, núm. 76 (4t trimestre 1969), pàg 57 :
MARC
| LEADER | 00000nam a2200000Ia 4500 | ||
|---|---|---|---|
| 001 | |||
| 008 | 160829s9999 xx 000 0 cat d | ||
| 245 | |a Concurso de perros pastor | ||
| 260 | |a San Jorge, núm. 76 (4t trimestre 1969), pàg 57 | ||
| 650 | |a Gossos d'atura |x Concursos |9 47323 | ||
| 651 | 0 | |a Castellar de n'Hug (Catalunya) |9 50839 | |
| 901 | |a Arxiu | ||
| 942 | |n 1 | ||
| 952 | |0 0 |1 0 |4 0 |7 1 |9 47240 |a Arxiu |b Arxiu |d 2016-12-01 |l 0 |r 2016-12-01 00:00:00 |w 2016-12-01 |y ARXIU | ||
| 999 | |c 51037 |d 51037 | ||